| 000 | 00399nam a2200181Ia 4500 | ||
|---|---|---|---|
| 008 | 210210b1948 xxu||||| |||| 00| 0 eng d | ||
| 041 | _aeng | ||
| 082 | _a829/797 | ||
| 100 | _aMUNTHE (A) | ||
| 245 | _aStory of San Michele | ||
| 260 |
_aLondon _bJohn Murray _c1948 |
||
| 650 | _aStory | ||
| 650 | _aSan | ||
| 650 | _aof | ||
| 650 | _aMichele | ||
| 690 | _aEnglish Fiction | ||
| 906 | _a017395 | ||
| 999 |
_c137362 _d137362 |
||